[Event "FIDE TURNIR 2014"]
[Site "Ljubljana"]
[Date "2014.06.03"]
[Round "9.11"]
[White "Malkoc, Tilen"]
[Black "Pridigar, Lovro"]
[Result "0-1"]
[WhiteElo "1410"]
[BlackElo "1660"]
[PlyCount "72"]
[EventDate "2014.06.11"]

1. d4 Nf6 2. Nf3 g6 3. c4 c5 4. g3 Bg7 5. Bg2 O-O 6. O-O cxd4 7. Nxd4 Nc6 8.
Nf3 d6 9. Nc3 Be6 10. Nd5 Rc8 11. Rb1 Bf5 12. Ra1 Nxd5 13. cxd5 Nb4 14. Nd4
Bxd4 15. Bh6 Bg7 16. Bxg7 Kxg7 17. Qd4+ Kg8 18. Qxb4 Qc7 19. e4 Bd7 20. Rac1
Qxc1 21. Qxb7 Qc7 22. Qb4 Rb8 23. Qd4 Rfc8 24. b3 Qc5 25. Qb2 Qc2 26. Qa3 Bb5
27. Re1 Qd2 28. Ra1 Rc2 29. Qxa7 Rbc8 30. h3 R8c5 31. Qb8+ Kg7 32. Kh1 Qxf2 33.
Rg1 Qxg3 34. b4 Rxg2 35. Rxg2 Rc1+ 36. Rg1 Rxg1# 0-1

[Event "FIDE TURNIR 2014"]
[Site "Ljubljana"]
[Date "2014.06.17"]
[Round "9.13"]
[White "Vujic, Nikola"]
[Black "Piciga, Aleksander"]
[Result "1-0"]
[WhiteElo "1500"]
[BlackElo "1392"]
[PlyCount "74"]
[EventDate "2014.06.11"]

1. d4 e6 2. Bf4 Nf6 3. a3 b6 4. Nc3 Bb7 5. Nf3 Be7 6. e3 O-O 7. h3 Ne4 8. Nxe4
Bxe4 9. Bd3 Bxd3 10. Qxd3 d5 11. g4 Nd7 12. g5 g6 13. h4 Kg7 14. h5 Qc8 15.
hxg6 hxg6 16. O-O-O Qb7 17. Rh6 Rh8 18. Ne5 Nf8 19. Nxf7 Rxh6 20. Nxh6 c5 21.
dxc5 bxc5 22. Qc3+ Kh7 23. Rh1 d4 24. Qe1 Nd7 25. Nf5+ Kg8 26. Nxe7+ Kg7 27.
Rh6 Nf8 28. Be5+ Kf7 29. Bf6 Rb8 30. b3 c4 31. Qb4 Qc7 32. Qxc4 Qxc4 33. bxc4
Rb6 34. Nc8 Ra6 35. Bxd4 Rxa3 36. Nxa7 e5 37. Bc5 Ra5 1-0

[Event "FIDE TURNIR 2014"]
[Site "Ljubljana"]
[Date "2014.06.11"]
[Round "9.15"]
[White "Jelen, Miha"]
[Black "Kozarski, Aleksander"]
[Result "1-0"]
[WhiteElo "1533"]
[BlackElo "1557"]
[PlyCount "71"]
[EventDate "2014.06.11"]

1. e4 e5 2. Nf3 Nc6 3. Nc3 Nf6 4. d4 exd4 5. Nxd4 d6 6. Bg5 Be7 7. Bb5 Bd7 8.
O-O O-O 9. Qd2 Nxd4 10. Qxd4 c5 11. Qd3 a6 12. Bxd7 Nxd7 13. Bxe7 Qxe7 14. Nd5
Qe5 15. f4 Qd4+ 16. Qxd4 cxd4 17. Rad1 Rad8 18. Rxd4 Rfe8 19. Nc7 Rf8 20. Rxd6
Nc5 21. e5 Rxd6 22. exd6 Rd8 23. Re1 Kf8 24. b4 Nd7 25. c4 Nf6 26. c5 b6 27.
Rd1 bxc5 28. bxc5 Ne4 29. Nxa6 Ke8 30. Rd4 f5 31. a4 Kd7 32. Rd5 g6 33. Re5 Ra8
34. Re7+ Kd8 35. Nb4 Rxa4 36. Nc6+ 1-0

[Event "FIDE TURNIR 2014"]
[Site "Ljubljana"]
[Date "2014.06.11"]
[Round "9.16"]
[White "Groselj, Kaja"]
[Black "Kmetic, Andrej"]
[Result "0-1"]
[WhiteElo "1396"]
[BlackElo "1397"]
[PlyCount "60"]
[EventDate "2014.06.11"]

1. e4 e5 2. Nc3 Nf6 3. Bc4 Nc6 4. d3 Na5 5. Bb3 Nxb3 6. axb3 a6 7. Nge2 Bc5 8.
f4 d6 9. Ng3 Ng4 10. Qe2 Qh4 11. Qf3 Nxh2 12. Rxh2 Qxh2 13. Bd2 Qh4 14. O-O-O
Bg4 15. Rh1 Qxh1+ 16. Nxh1 Bxf3 17. gxf3 c6 18. Ng3 g6 19. Na4 Bf2 20. Ne2 h5
21. Nac3 h4 22. Nd1 Ba7 23. Be1 f6 24. c3 Ke7 25. d4 Raf8 26. Ng1 f5 27. fxe5
dxe5 28. Nh3 fxe4 29. fxe4 exd4 30. cxd4 Bxd4 0-1

[Event "FIDE TURNIR 2014"]
[Site "Ljubljana"]
[Date "2014.06.11"]
[Round "9.17"]
[White "Novak, Anze"]
[Black "Mazzini, Katarina"]
[Result "1-0"]
[WhiteElo "1677"]
[BlackElo "1213"]
[PlyCount "69"]
[EventDate "2014.06.11"]

1. d4 Nf6 2. c4 e6 3. Nf3 d5 4. g3 Be7 5. Bg2 O-O 6. Nc3 b6 7. O-O Bb7 8. Ne5
Nbd7 9. Nxd7 Qxd7 10. Bf4 c5 11. cxd5 Nxd5 12. Nxd5 Bxd5 13. e4 Bc6 14. d5 exd5
15. exd5 Bb7 16. Re1 Rad8 17. d6 Bf6 18. Bxb7 Qxb7 19. Qd2 Rfe8 20. d7 Re7 21.
Rxe7 Bxe7 22. Rd1 Bf6 23. Re1 h6 24. Re8+ Kh7 25. Qd3+ g6 26. Rxd8 Bxd8 27. h4
Kg7 28. Be5+ f6 29. Bd6 Kf7 30. Qc4+ Kg7 31. Qe6 Qa8 32. Be7 Bc7 33. Qxf6+ Kg8
34. Qxg6+ Kh8 35. Bf6# 1-0

[Event "FIDE TURNIR 2014"]
[Site "Ljubljana"]
[Date "2014.06.11"]
[Round "9.19"]
[White "Kaluza, Dominik"]
[Black "Mlakar, Matej"]
[Result "0-1"]
[WhiteElo "1564"]
[BlackElo "1500"]
[PlyCount "172"]
[EventDate "2014.06.11"]

1. e4 e5 2. Nf3 Nc6 3. d4 exd4 4. Nxd4 Nf6 5. Nc3 Bb4 6. Nxc6 bxc6 7. Bd3 h6 8.
Bd2 O-O 9. O-O Re8 10. Re1 d6 11. h3 Bd7 12. a3 Bxc3 13. bxc3 Rb8 14. Rb1 Rxb1
15. Qxb1 Qb8 16. f3 Qb6+ 17. Be3 c5 18. Kh1 Rb8 19. Qa2 Be6 20. c4 Qb2 21. Qxb2
Rxb2 22. Ra1 Kf8 23. e5 Nd7 24. exd6 cxd6 25. Kh2 Ne5 26. Kg3 Nxc4 27. Bf4 Ke7
28. a4 a5 29. h4 Rb4 30. Bxc4 Rxc4 31. Bd2 Rxc2 32. Bxa5 Ra2 33. Rb1 Rxa4 34.
Rb7+ Bd7 35. Bc3 g6 36. Bd2 h5 37. Bg5+ Ke6 38. Rb6 Rd4 39. Be3 Rd5 40. f4 Rd3
41. Kf2 f5 42. Bxc5 Ke7 43. Bb4 Ke6 44. g3 Ke7 45. Kg2 Ba4 46. Rb7+ Ke6 47. Rb6
Rd4 48. Ba3 Rd2+ 49. Kh3 Bd1 50. g4 Bxg4+ 51. Kg3 Rd3+ 52. Kf2 Rxa3 53. Rb8
Rf3+ 54. Ke1 Ke7 55. Rg8 d5 56. Rxg6 d4 57. Rc6 Rd3 58. Rc1 Re3+ 59. Kd2 Kd6
60. Rc4 Kd5 61. Ra4 Ke4 62. Kc2 Re2+ 63. Kc1 Ke3 64. Ra3+ d3 65. Kb1 Re1+ 66.
Kb2 Ke2 67. Ra2 d2 68. Kc3 Rc1+ 69. Kd4 Ke1 70. Rxd2 Kxd2 71. Ke5 Kd3 72. Kd5
Ra1 73. Kc5 Ra5+ 74. Kd6 Ke4 75. Kc6 Rd5 76. Kb6 Kd4 77. Kc6 Kc4 78. Kb6 Rc5
79. Kb7 Kd5 80. Kb6 Rc1 81. Kb7 Kd6 82. Ka7 Rb1 83. Ka6 Kc5 84. Ka7 Kc6 85. Ka8
Kc7 86. Ka7 Ra1# 0-1

[Event "FIDE TURNIR 2014"]
[Site "Ljubljana"]
[Date "2014.06.11"]
[Round "9.20"]
[White "Trplan, Filip"]
[Black "Vah, Denis"]
[Result "1/2-1/2"]
[WhiteElo "1243"]
[BlackElo "1500"]
[PlyCount "65"]
[EventDate "2014.06.11"]

1. e4 e6 2. d4 d5 3. exd5 exd5 4. Bd3 c5 5. dxc5 Bxc5 6. Ne2 Nf6 7. Bg5 Bxf2+
8. Kf1 Bb6 9. Bb5+ Nc6 10. h3 h6 11. Bh4 g5 12. Bf2 Ne4 13. Bxc6+ bxc6 14. Bxb6
Qf6+ 15. Kg1 axb6 16. c3 Qf2+ 17. Kh2 Ba6 18. c4 Bxc4 19. Nbc3 Bxe2 20. Nxe2
O-O 21. Rf1 Qc5 22. Rc1 Qd6+ 23. Kg1 Rxa2 24. Nc3 Nxc3 25. Rxc3 Rxb2 26. Qc1
Qb4 27. Rxc6 Qd4+ 28. Kh1 Re8 29. Rc8 Rxc8 30. Qxc8+ Kg7 31. Qf5 f6 32. Qd7+
Kf8 33. Qd8+ 1/2-1/2

[Event "FIDE TURNIR 2014"]
[Site "Ljubljana"]
[Date "2014.06.11"]
[Round "9.22"]
[White "Varga, Ivan"]
[Black "Paternoster, Janez"]
[Result "0-1"]
[WhiteElo "1461"]
[BlackElo "1575"]
[PlyCount "68"]
[EventDate "2014.06.11"]

1. e4 c6 2. d4 d5 3. Nc3 dxe4 4. Nxe4 Nd7 5. Bc4 Ngf6 6. Ng5 e6 7. N1f3 h6 8.
Nh3 Be7 9. Nf4 O-O 10. h4 Nb6 11. Bb3 c5 12. c3 cxd4 13. cxd4 Bb4+ 14. Bd2
Bxd2+ 15. Nxd2 Qxd4 16. Ne2 Qxb2 17. Rb1 Qe5 18. Rh3 Qd6 19. Kf1 e5 20. Rh1 Rd8
21. Rb2 Be6 22. f3 Bxb3 23. axb3 e4 24. Qe1 e3 25. Nb1 Qd1 26. Nbc3 Qxe1+ 27.
Kxe1 Nbd5 28. Ne4 Nb4 29. N2c3 Nd3+ 30. Ke2 Nxb2 31. Kxe3 Nd5+ 32. Kd2 Nxc3+
33. Kxc3 Nd3 34. g4 Rac8+ 0-1

[Event "FIDE TURNIR 2014"]
[Site "Ljubljana"]
[Date "2014.06.11"]
[Round "9.23"]
[White "Adamic, Nejc"]
[Black "Koderman, Maj"]
[Result "1-0"]
[WhiteElo "1500"]
[BlackElo "1500"]
[PlyCount "57"]
[EventDate "2014.06.11"]

1. e4 e5 2. Nf3 Nc6 3. Bb5 d6 4. d3 a6 5. Bxc6+ bxc6 6. O-O Nf6 7. Bg5 Be7 8.
c3 Bg4 9. Nbd2 h6 10. Bxf6 Bxf6 11. h3 Bh5 12. Qb3 Rb8 13. Qc2 Bg5 14. Ne1 Be2
15. d4 Bxd2 16. Qxd2 Bxf1 17. Kxf1 exd4 18. cxd4 d5 19. Qe2 dxe4 20. Qxe4+ Qe7
21. Qxc6+ Kf8 22. b3 Re8 23. Rc1 Rg8 24. Nf3 Qe2+ 25. Kg1 Qxa2 26. Qxc7 Qe2 27.
Ne5 Qh5 28. Qd6+ Re7 29. Rc8# 1-0

[Event "FIDE TURNIR 2014"]
[Site "Ljubljana"]
[Date "2014.06.11"]
[Round "9.24"]
[White "Zaloznik, Vesna"]
[Black "Hvala, Arja Ela"]
[Result "1-0"]
[WhiteElo "1594"]
[BlackElo "1538"]
[PlyCount "85"]
[EventDate "2014.06.11"]

1. e4 e6 2. d4 d5 3. exd5 exd5 4. Nc3 Nf6 5. Bg5 h6 6. Bh4 Bb4 7. Qd3 O-O 8.
Nf3 Re8+ 9. Ne5 Nc6 10. f4 Bd6 11. O-O-O Nxe5 12. dxe5 g5 13. exd6 gxh4 14.
dxc7 Qd6 15. g3 Bg4 16. Be2 Rac8 17. Bxg4 Nxg4 18. Qf3 Nf6 19. gxh4 Kh8 20.
Rhg1 Rxc7 21. Nxd5 Nxd5 22. Rxd5 Qc6 23. Qd3 Qf6 24. Rf5 Qb6 25. Qg3 Qg6 26.
Qxg6 fxg6 27. Rxg6 Kh7 28. h5 Rd7 29. Re5 Rf8 30. Ree6 Rxf4 31. Rxh6+ Kg7 32.
Reg6+ Kf8 33. Rh8+ Kf7 34. Rh7+ Ke8 35. Rg8+ Rf8 36. Rxf8+ Kxf8 37. Rxd7 Kg8
38. Kd2 b5 39. Ke3 a5 40. Kf4 b4 41. Kf5 Kh8 42. Kg6 b3 43. Rd8# 1-0

[Event "FIDE TURNIR 2014"]
[Site "Ljubljana"]
[Date "2014.06.11"]
[Round "9.26"]
[White "Ocepek, Jan"]
[Black "Jersic, Aleks"]
[Result "1/2-1/2"]
[WhiteElo "1342"]
[BlackElo "1538"]
[PlyCount "68"]
[EventDate "2014.06.11"]

1. e4 e5 2. Nf3 Nc6 3. Bb5 Nf6 4. Nc3 a6 5. Bxc6 dxc6 6. h3 Bd6 7. d4 exd4 8.
Nxd4 O-O 9. O-O Bb4 10. Bg5 h6 11. Bxf6 Qxf6 12. Qd3 Be6 13. Nxe6 Qxe6 14. a3
Bxc3 15. bxc3 Rad8 16. Qe2 f5 17. Rfe1 Rfe8 18. Rab1 b6 19. Qxa6 fxe4 20. Qe2
Qf6 21. Qc4+ Qe6 22. Rxe4 Qxc4 23. Rxc4 c5 24. Kf1 Rd2 25. Re1 Rxe1+ 26. Kxe1
Rxc2 27. a4 Rc1+ 28. Kd2 Rf1 29. Ke2 Rg1 30. g3 Ra1 31. Re4 Kf7 32. Kd2 Ra2+
33. Ke1 Ra1+ 34. Kd2 Ra2+ 1/2-1/2

[Event "FIDE TURNIR 2014"]
[Site "Ljubljana"]
[Date "2014.06.11"]
[Round "9.27"]
[White "Jelen, Anja"]
[Black "Paternoster, Darja"]
[Result "0-1"]
[WhiteElo "1550"]
[BlackElo "1513"]
[PlyCount "71"]
[EventDate "2014.06.11"]

1. e4 c5 2. c4 Nc6 3. Nf3 g6 4. Nc3 Bg7 5. Be2 d6 6. d3 Nf6 7. Bd2 Bd7 8. O-O
O-O 9. Qc2 Rc8 10. Rfe1 Ng4 11. Ng5 Nge5 12. Rad1 Nb4 13. Qb3 Nbxd3 14. Bxd3
Nxd3 15. Re2 b6 16. Kh1 Bd4 17. Rf1 Bg4 18. f3 Bd7 19. Be3 Bg7 20. Rd1 Ne5 21.
Qa3 Qc7 22. Bf4 Qb7 23. Red2 Nxc4 24. Qb3 Nxd2 25. Rxd2 a5 26. Qc4 b5 27. Qe2
b4 28. Nd5 e6 29. Ne3 e5 30. Bg3 Bf6 31. Bh4 Rcd8 32. Nxh7 Bxh4 33. Nxf8 Bg5
34. Qe1 Kxf8 35. Rc2 a4 36. Ng4 {nejasno (60)} 0-1